KFZ Kennzeichen Baden-Württemberg Alle - Statistics

General Stats
  • This quiz has been taken 26 times
  • The average score is 40 of 69
Answer Stats
Hint Answer % Correct
AA Aalen
100%
BAD Baden-Baden
95%
BB Böblingen
91%
FR Freiburg im Breisgau
91%
GP Göppingen
91%
KA Karlsruhe
91%
MA Mannheim
91%
PF Pforzheim
91%
CW Calw
86%
ES Esslingen
86%
HD Heidelberg
86%
HN Heilbronn
86%
LB Ludwigsburg
86%
S Stuttgart
86%
HDH Heidenheim
82%
KN Konstanz
82%
RV Ravensburg
82%
SIG Sigmaringen
82%
UL Ulm
82%
Lörrach
77%
VL (Alt) Villingen
77%
CR Crailsheim
73%
LEO Leonberg
73%
RT Reutlingen
73%
TUT Tuttlingen
73%
FN Friedrichshafen
68%
MOS Mosbach
68%
Tübingen
68%
EM Emmendingen
64%
FDS Freudenstadt
64%
KEL Kehl
64%
RA Rastatt
64%
RW Rottweil
64%
SHA Schwäbisch Hall
64%
VAI Vaihingen
64%
BC Biberach
59%
NT Nürtingen
59%
ÖHR Öhringen
59%
BL Balingen
55%
KÜN Künzelsau
55%
VS Villingen-Schwenningen
55%
BK Backnang
50%
BÜS Büsingen am Hochrhein
50%
HOR Horb am Neckar
50%
GD Schwäbisch Gmünd
50%
TBB Tauberbischofsheim
50%
HCH Hechingen
45%
LR Lahr
45%
OG Offenburg
45%
MGH Bad Mergentheim
41%
WN Waiblingen
41%
WT Waldshut-Tiengen
41%
EHI (Alt) Ehingen
36%
ÜB Überlingen
36%
BCH Buchen
32%
BH Bühl
32%
DS Donaueschingen
32%
SNH (Alt) Sinsheim
32%
BR Bruchsal
27%
MÜL Müllheim
27%
NEU Neustadt
27%
TT Tettnang
27%
STO Stockach
23%
MÜN (Alt) Münsingen
18%
SÄK Säckingen
18%
SLG Saulgau
18%
WG Wangen
18%
BWL Baden-Württembergischer Landtag | BW Landtag
14%
WOL Wolfach
14%
No matching quizzes found
Score Distribution
Percent of People with Each Score
Percentile by Number Answered
Your Score History
You have not taken this quiz